Countries with the Lowest Points - Statistics

General Stats
  • This quiz has been taken 25 times
  • The average score is 20 of 30
Answer Stats
Elevation Location Continent Country % Correct
−428 m−1,404 ft Dead Sea Asia Israel
100%
−428 m−1,404 ft Dead Sea Asia Jordan
100%
−85.5 m−281 ft Badwater Basin North America United States
96%
−133 m−436 ft Qattara Depression Africa Egypt
92%
−105 m−344 ft Laguna del Carbón South America Argentina
88%
−28 m−92 ft Caspian Sea Asia Russia
88%
−214 m−702 ft Sea of Galilee Asia Syria
88%
−28 m−92 ft Caspian Sea Asia Azerbaijan
83%
−132 m−433 ft Karagiye Depression Asia Kazakhstan
83%
−28 m−92 ft Caspian Sea Asia Iran
79%
−81 m−266 ft Vpadina Akchanaya Asia Turkmenistan
79%
−40 m−131 ft Chott Melrhir Africa Algeria
75%
−15 m−49 ft Lake Eyre Oceania Australia
75%
−10 m−33 ft Laguna Salada North America Mexico
75%
−154 m−505 ft Ayding Lake Asia China
71%
−55 m−180 ft Sebkha Tah Africa Morocco
71%
−125 m−410 ft Danakil Depression Africa Ethiopia
63%
−47 m−154 ft Sabkhat Ghuzayyil Africa Libya
63%
−12 m−39 ft Sariqarnish Kuli Asia Uzbekistan
63%
−7 m−23 ft Lammefjord Europe Denmark
58%
−34 m−112 ft Bayóvar Depression South America Peru
58%
−17 m−56 ft Shatt al Gharsah Africa Tunisia
58%
−10 m−33 ft Étang de Lavalduc Europe France
54%
−12 m−39 ft Lagunillas Municipality South America Venezuela
50%
−155 m−509 ft Lake Assal Africa Djibouti
46%
−7 m−22 ft Zuidplaspolder Europe Netherlands
42%
−45 m−148 ft Lake Enriquillo North America Dominican Republic
38%
−75 m−246 ft Lake Kulul Africa Eritrea
38%
−5 m−16 ft Sebkha de Ndrhamcha Africa Mauritania
38%
−6 m−20 ft Epitalio Europe Greece
21%
No matching quizzes found
Score Distribution
Percent of People with Each Score
Percentile by Number Answered
Your Score History
You have not taken this quiz